Nennen Sie einen gültigen Nummer 1-Hit - Ö & CH-Künstler - Statistiken

Allgemein
  • Dieses Quiz wurde 84 mal gespielt
  • Das Durchschnittsergebnis liegt bei 6 aus 16
Antwortstatistiken
Nennen Sie einen Nummer 1 Hit von... Antworten % Korrekt
Falco Der Kommissar | Rock Me Amadeus | Jeanny, Part I | Coming Home (Jeanny Part 2, ein Jahr danach)
96%
DJ Ötzi Anton aus Tirol | Burger Dance | Ein Stern (… der deinen Namen trägt)
90%
Nik P. Ein Stern (… der deinen Namen trägt)
76%
Opus Live Is Life
60%
Udo Jürgens Griechischer Wein
59%
Tauchen-Prokopetz (DÖF) Codo … düse im Sauseschritt
37%
Freddy Quinn Heimweh (Dort, wo die Blumen blüh’n) | Die Gitarre und das Meer | Unter fremden Sternen (fährt ein weißes Schiff nach Hongkong) | La Paloma | Junge, komm bald wieder | Hundert Mann und ein Befehl
32%
Beatrice Egli Mein Herz
28%
RAF Camora Kokain | 500 PS | Blaues Licht | 2CB | All Night
25%
Christian Anders Es fährt ein Zug nach Nirgendwo
19%
Andy Borg Adios Amor
12%
Luca Hänni Don’t Think About Me
7%
Penny McLean Lady Bump
7%
Peter Alexander Der letzte Walzer | Liebesleid
4%
Vico Torriani Granada | Siebenmal in der Woche
1%
Lys Assia Schweden-Mädel | Arrivederci, Roma
1%
Keine übereinstimmenden Quizze gefunden
Verteilung der Resultate
Anzahl Personen mit jedem Resultat
Perzentil nach korrekt beantworteten Fragen
Ihre Resultats-Entwicklung
Sie haben dieses Quiz noch nicht gespielt